00711nas a2200193 a 4500001001000000003000400010005001700014008004100031040001300072043000900085245004600094260009200140300001200232362001900244650004500263651003200308952016000340999001700500000036976DLC20200930080047.0120207c19579999dr ur1pd 0 z0spa d aDO-SdBNP anwdr00aEstadística de los negocios de seguros. aCiudad Trujillo, República Dominicana :bDirección General de Estadística,c1957. av. XXI. aVol. XXI, 195704aEstadisticazRepublica Dominicana96336304aRepublica Dominicana910483 00105071aABbABd2012-02-13iLF2l0o p36974-V.21-1r2020-06-25w2020-06-25y1zpertenecios a la biblioteca personal de carlo. larrazabalZNo se presta c36466d36466